000 00423nam a2200169Ia 4500
001 1061
003 IN-NITTTR
005 20251114232907.0
008 251113s9999||||xx |||||||||||||| ||eng||
040 _beng
040 _cIN-NITTTR
041 _aeng
082 _a620 I966E
100 _aJunnarkar, S. B.
245 0 _aEngineering mechanics :
_b a text book for engineering students /
_cJunnarkar, S. B.
942 _2ddc
_cBK
999 _c1036
_d1036